laufey quiz with lyrics - Statistics

General Stats
  • This quiz has been taken 288 times
    6 since last reset
  • The average score is 66 of 91
Answer Stats
Answer % Correct
Beautiful Stranger "What if I hadn't left the train?"
100%
Best Friend "When we're 98 and 99, tumbling down the stairs, you'll barely catch me in time"
100%
Bored "I just yawn listening to you talk about yourself again"
100%
California And Me "Left me and the ocean for your old flame"
100%
Clockwork "Words I'll forget, deeply regret"
100%
Dear Soulmate "Do you sleep on the right side? 'Cause I prefer the left"
100%
Dear Soulmate "Do you sleep on the right side? 'Cause I prefer the left"
100%
Dreamer "I fear all solid ground"
100%
Everything I Know About Love "So enchanting, in every way"
100%
Everything I Know About Love "So enchanting, in every way"
100%
Falling Behind "Touched the ocean, fell right in"
100%
Falling Behind "Touched the ocean, fell right in"
100%
Fragile "The soft candle glow, the music so slow"
100%
Fragile "The soft candle glow, the music so slow"
100%
Goddess "You took me for a fool"
100%
Goddess "You took me for a fool"
100%
Haunted "And I hold on to every ounce of sin"
100%
James "His voice just got too sickening.."
100%
Just Like Chet "Why did you put me through 11 months of "you're so pretty's, " "I miss you's"?"
100%
Letter To My 13 Year Old Self "You'll grow up and grow so confident and,"
100%
Like The Movies "Slow dance under stormy skies"
100%
Lover Girl "I wait by the phone like a high-school movie"
100%
Magnolia "She could have anyone in the world"
100%
Misty "I'm as helpless as a kitten up a tree"
100%
Promise "Took a flight, through aurora skies"
100%
Questions For The Universe "Why do I crave a stranger's touch? Hmm"
100%
Serendipity "Four-leaf clovers and lucky dimes"
100%
Slow Down "I'm so old now, left my adolescence"
100%
Snow White "She's everything I am but my wrongs are turned to rights"
100%
Valentine "What if he's the last one I kiss?"
100%
Valentine "What if he's the last one I kiss?"
100%
While You Were Sleeping "I'm dancing down streets, smiling to strangers"
100%
Above The Chinese Restaurant "Street sounds blistered with neon lights"
80%
Bewitched "What's going on? I've never been through"
80%
Bewitched (Rework)
80%
Carousel "For all of my oddities, my recurring comedies"
80%
Castle in Hollywood "We were meant to be forever and ever"
80%
Dance With You Tonight "Now the gin is hitting me"
80%
Forget-Me-Not "Here I begin missing him, it's my plight"
80%
From The Start "What's a girl to do?"
80%
From The Start "What's a girl to do?"
80%
Hi "But I thought of you while driving today"
80%
It Could Happen To You "Don't count stars or you might stumble"
80%
I've Never Been In Love Before "Now all at once, it's you"
80%
Let You Break My Heart Again "I'm just tryna understand"
80%
Lovesick "Let me in your atmosphere"
80%
Mr. Eclectic "Bet you think you're so poetic"
80%
Must Be Love "You made a sappy, stupid, something out of me"
80%
Night Light "Take down the posters of the pop stars on the wall"
80%
Sabotage "I don't understand, I'm my worst enemy
80%
Second Best "Nightingale singing half-hearted lullabies"
80%
Silver Lining "Making dirty jokes and getting away with it"
80%
Someone New "It's so typical of me"
80%
Someone New "It's so typical of me"
80%
Street By Street "It's like a game of Monopoly"
80%
Street By Street "It's like a game of Monopoly"
80%
Too Little, Too Late "I'm just a jester, I'll never be him"
80%
Tough Luck "Since we're spilling secrets, does your mother even know?"
80%
Trouble "My sister said, 'Don't be a baby'"
80%
A Cautionary Tale "I wanted to please you this performance of a lifetime"
60%
Better Than Snow "Sit by my fire, I'll never leave you"
60%
How I Get "What a greedy hungry hoarder am I"
60%
I'll Forget About You (In Time) "I knew I had to do it"
60%
I Wait, I Wait, I Wait "I wait for the sorrow, the blue of tomorrow, regrets of yesterday"
60%
I Wish You Love "My breaking heart and I agree"
60%
Lucky For Me "Realized I forgot the keys, think that it was meant to be"
60%
Madwoman "Made it to the final hour"
60%
Nocturne (Interlude)
60%
What Love Will Do To You "Drunk on jazz and wine"
60%
Winter Wonderland "And pretend that he is Parson Brown"
60%
A Night To Remember "Then you walked away, you asked me to stay"
40%
Christmas Dreaming "Hearing jingle bells ringing in my ear"
40%
Clean Air "Went through an X-ray, doctors said there's nothing left to see now"
40%
Cuckoo Ballet - Interlude
40%
Love Flew Away "Looked in my eyes, we only blinked when we started to cry"
40%
No One Knows "When you crashed my brand new car"
40%
Santa Baby "I want a yacht, and really, that's not a lot"
40%
Seems Like Old Times "And it's still a thrill just to have my arms around you"
40%
The Christmas Waltz "In three-quarter time"
40%
Ain't Christmas "So please turn off Mariah, I'm not in the mood"
20%
But Beautiful "Love is funny or it's sad"
20%
Christmas Magic "When the snow starts fallin' and mothers callin'"
20%
Have Yourself A Merry Little Christmas "Make the Yuletide gay"
20%
Let's Dream in The Moonlight (Take 1) "Tell me that you love me"
20%
Love to Keep Me Warm "Let's light a fire and let it snow"
20%
Love to Keep Me Warm "Let's light a fire and let it snow"
20%
Santa Claus is Comin' to Town "He sees you when you're sleeping, he knows when you're awake"
20%
The Risk "Part of me's missing, I doubt you see"
20%
This Is How It Feels "Sitting on the bleachers wondering where it went wrong"
20%
Where Or When "Some things that happened for the first time"
20%
Blue In Green "Since the promise of our love washed away"
0%
No matching quizzes found
Score Distribution
Percent of People with Each Score
Percentile by Number Answered
Your Score History
You have not taken this quiz since the last reset